[Event "Prague (CZE)-St. Gallen (SUI)"]
[Site "Hamburg"]
[Date "2009.06.04"]
[Round "1.4"]
[White "Ryvova, Anna"]
[Black "Bolliger, Bruno"]
[Result "1-0"]
[WhiteElo "1994"]
[BlackElo "1900"]
[PlyCount "65"]
[EventDate "2009.??.??"]
[WhiteTeam "Prag (CZE)"]
[BlackTeam "St. Gallen (SUI)"]

1. e4 c5 2. Nf3 d6 3. Nc3 Nf6 4. g3 Nc6 5. Bg2 e5 6. O-O Be7 7. d3 O-O 8. Ne1
Bg4 9. f3 Be6 10. f4 Bg4 11. Qd2 Bd7 12. f5 h6 13. Ne2 Nh7 14. Nf3 Nf6 15. c3
a6 16. h3 Rc8 17. Nh2 Nh7 18. g4 Bg5 19. Qe1 Bxc1 20. Rxc1 Nf6 21. Kh1 Ne7 22.
Qh4 Bc6 23. c4 b5 24. b3 Rb8 25. Bf3 bxc4 26. bxc4 Rb2 27. g5 hxg5 28. Qxg5 Nh7
29. Qg3 Nc8 30. Rg1 Qf6 31. Ng4 Qg5 32. h4 Qe7 33. Nh6+ 1-0

[Event "Zagreb (CRO)-Kiew (UKR)"]
[Site "Hamburg"]
[Date "2009.06.04"]
[Round "2.1"]
[White "Baklanova, Tetiana"]
[Black "Bozinovic, Bogdan"]
[Result "1/2-1/2"]
[WhiteElo "2239"]
[BlackElo "2323"]
[PlyCount "59"]
[EventDate "2009.??.??"]
[WhiteTeam "Kiew (UKR)"]
[BlackTeam "Zagreb (CRO)"]

1. d4 e6 2. c4 c5 3. d5 exd5 4. cxd5 d6 5. Nc3 Ne7 6. e4 Ng6 7. f4 Be7 8. Nf3
Bf6 9. Bb5+ Nd7 10. O-O O-O 11. Re1 Re8 12. a4 a6 13. Bf1 Rb8 14. g3 Nb6 15. h3
Bd7 16. Kh2 Nc8 17. Bd2 b5 18. axb5 axb5 19. Qc2 Qb6 20. Nd1 Qb7 21. Bc3 Bxc3
22. Qxc3 Nb6 23. b4 Na4 24. Qd2 Rbc8 25. Bg2 Nb6 26. bxc5 Rxc5 27. Nd4 Qc8 28.
Re2 Na4 29. Nf2 Rc4 30. Nc6 1/2-1/2

[Event "Zagreb (CRO)-Kiew (UKR)"]
[Site "Hamburg"]
[Date "2009.06.04"]
[Round "2.2"]
[White "Klasan, Vladimir"]
[Black "Kovalenko, Vladimir"]
[Result "1/2-1/2"]
[WhiteElo "2282"]
[BlackElo "2162"]
[PlyCount "104"]
[EventDate "2009.??.??"]
[WhiteTeam "Zagreb (CRO)"]
[BlackTeam "Kiew (UKR)"]

1. e4 c5 2. Nf3 Nc6 3. b3 d6 4. Bb5 Bd7 5. O-O Nf6 6. Re1 e5 7. c3 a6 8. Bxc6
Bxc6 9. d4 Qc7 10. Nbd2 b5 11. Bb2 Be7 12. Qc2 O-O 13. dxe5 dxe5 14. c4 Nd7 15.
Nf1 Rfe8 16. Ne3 Bf8 17. Rad1 Rad8 18. Nd5 Qb8 19. h3 f6 20. Nh2 Nb6 21. Ng4
Nxd5 22. exd5 Bd7 23. Re3 Bd6 24. Rde1 Re7 25. f4 Bxg4 26. hxg4 Rde8 27. Qf5
bxc4 28. Rh3 g6 29. Qxf6 Rf8 30. Qg5 Rxf4 31. Rhe3 Ref7 32. Bxe5 Bxe5 33. Rxe5
Kg7 34. bxc4 Qb2 35. R5e2 Qd4+ 36. Kh2 Rxg4 37. Qe5+ Qxe5+ 38. Rxe5 Rxc4 39.
Rd1 Rd4 40. Rxd4 cxd4 41. d6 Kf6 42. Rd5 Ke6 43. Rxd4 Rd7 44. Kg3 Rxd6 45. Ra4
Kd5 46. Kf4 Kc5 47. Ke3 Kb5 48. Rh4 Rd7 49. Re4 Kc5 50. Ra4 Rd6 51. Rh4 Rd7 52.
Ra4 Ra7 1/2-1/2

[Event "Zagreb (CRO)-Kiew (UKR)"]
[Site "Hamburg"]
[Date "2009.06.04"]
[Round "2.3"]
[White "Ovcharov, Taras"]
[Black "Vujcic, Toni"]
[Result "1-0"]
[WhiteElo "1987"]
[BlackElo "2141"]
[PlyCount "117"]
[EventDate "2009.??.??"]
[WhiteTeam "Kiew (UKR)"]
[BlackTeam "Zagreb (CRO)"]

1. e4 d6 2. d4 g6 3. Nf3 Nf6 4. Nc3 Bg7 5. Bc4 O-O 6. O-O Bg4 7. h3 Bxf3 8.
Qxf3 e5 9. dxe5 dxe5 10. Bg5 c6 11. Rad1 Qe7 12. Rd2 b5 13. Bxb5 cxb5 14. Nd5
Qe6 15. Nxf6+ Bxf6 16. Qxf6 Nc6 17. Qxe6 fxe6 18. Rd6 Rac8 19. c3 b4 20. Rxe6
bxc3 21. bxc3 Nb8 22. Rxe5 Rxc3 23. Bh6 Nc6 24. Rd5 Re8 25. Rd7 Rxe4 26. Rg7+
Kh8 27. Rc7 Kg8 28. Rb1 Re7 29. Rc8+ Kf7 30. Rf8+ Ke6 31. Bg5 Rc7 32. Re1+ Kd5
33. Rd1+ Kc4 34. Bd2 Rc2 35. Rf4+ Kb5 36. Rb1+ Kc5 37. Be3+ Kd5 38. Rd1+ Ke6
39. Ra4 a5 40. Re4+ Kf7 41. Rf4+ Ke6 42. Re1 Kd5 43. a4 Rb7 44. Rd1+ Ke6 45.
Re4+ Kf5 46. Rh4 Kf6 47. Rd6+ Kg7 48. Bh6+ Kg8 49. Rf4 Rf7 50. Re4 Rf5 51. Rd7
Re5 52. Rg7+ Kf8 53. Rc7+ Ke8 54. Rxe5+ Kd8 55. Rxc6 Rxc6 56. Rxa5 Rc7 57. Ra8+
Kd7 58. a5 Kc6 59. a6 1-0

[Event "Zagreb (CRO)-Kiew (UKR)"]
[Site "Hamburg"]
[Date "2009.06.04"]
[Round "2.4"]
[White "Svec, Darko"]
[Black "Babii, Petro"]
[Result "1/2-1/2"]
[WhiteElo "1968"]
[BlackElo "2124"]
[PlyCount "104"]
[EventDate "2009.??.??"]
[WhiteTeam "Zagreb (CRO)"]
[BlackTeam "Kiew (UKR)"]

1. d4 d5 2. Nc3 Nf6 3. Bg5 e6 4. e4 dxe4 5. Nxe4 Be7 6. Bxf6 Bxf6 7. Nf3 Nd7 8.
Qd2 O-O 9. Qf4 Be7 10. O-O-O Nf6 11. Nxf6+ Bxf6 12. Bd3 Qd5 13. Kb1 c5 14. c4
Qc6 15. Ne5 Qc7 16. Qe4 g6 17. f4 cxd4 18. Qxd4 Rd8 19. Qe3 a5 20. h4 a4 21. h5
Ra6 22. g4 Rad6 23. g5 Bg7 24. b3 axb3 25. axb3 Qa5 26. Kb2 Rd4 27. Bc2 Rd2 28.
Qc3 Qxc3+ 29. Kxc3 Rxd1 30. Rxd1 Rxd1 31. Bxd1 Bf8 32. b4 Bd6 33. c5 Bc7 34. h6
Kf8 35. Kd4 Ke7 36. Bf3 f6 37. gxf6+ Kxf6 38. Be4 Bxe5+ 39. fxe5+ Kg5 40. b5
Kxh6 41. b6 Kg5 42. c6 bxc6 43. Bxc6 Kf5 44. b7 Bxb7 45. Bxb7 h5 46. Be4+ Kg5
47. Ke3 Kh6 48. Bg2 g5 49. Be4 Kg7 50. Bc6 Kg6 51. Be4+ Kf7 52. Bf3 Kg6 1/2-1/2

[Event "Sofia (BUL)-Moscow (RUS)"]
[Site "Hamburg"]
[Date "2009.06.04"]
[Round "2.1"]
[White "Varezhkin, Viktor"]
[Black "Georgiev, Veselin"]
[Result "0-1"]
[WhiteElo "2188"]
[BlackElo "2360"]
[PlyCount "116"]
[EventDate "2009.??.??"]
[WhiteTeam "Moskau (RUS)"]
[BlackTeam "Sofia (BUL)"]

1. d4 g6 2. g3 Nf6 3. Bg2 Bg7 4. c4 O-O 5. Nc3 d6 6. Nf3 Nbd7 7. O-O e5 8. h3
c6 9. e4 exd4 10. Nxd4 Re8 11. Be3 Nc5 12. Qc2 a5 13. Rad1 Qe7 14. Rfe1 h6 15.
f3 a4 16. Qd2 h5 17. Nc2 Bf8 18. Bf4 Nfd7 19. Nd4 Ne5 20. Qe2 Bg7 21. Be3 Qc7
22. f4 Ned7 23. Qc2 Qa5 24. Bf2 Nf6 25. Bf1 a3 26. b3 Bd7 27. Bg2 Re7 28. Re2
Rae8 29. Rde1 Bc8 30. Qd2 Qc7 31. Nc2 Ne6 32. Nxa3 Bh6 33. h4 Ng4 34. Nc2 Nxf2
35. Kxf2 Bg7 36. Bf3 Nc5 37. b4 Nd7 38. a3 Nf6 39. Rd1 Ng4+ 40. Kg2 Qb6 41. Na4
Qa6 42. Nc3 Qxc4 43. Nb1 Bf5 44. Qd3 Qxd3 45. Rxd3 d5 46. Rdd2 Bxe4 47. Bxe4
Rxe4 48. Rxe4 Rxe4 49. Kf3 Rc4 50. Ke2 Kf8 51. Kd3 Nh6 52. Rd1 Nf5 53. Rg1 b6
54. Rg2 c5 55. bxc5 bxc5 56. Rg1 Ke7 57. g4 hxg4 58. Rxg4 Rxc2 0-1

[Event "Sofia (BUL)-Moscow (RUS)"]
[Site "Hamburg"]
[Date "2009.06.04"]
[Round "2.2"]
[White "Ninov, Nikolay"]
[Black "Parfenov, Vjacheslav"]
[Result "1-0"]
[WhiteElo "1900"]
[BlackElo "2228"]
[PlyCount "133"]
[EventDate "2009.??.??"]
[WhiteTeam "Sofia (BUL)"]
[BlackTeam "Moskau (RUS)"]

1. e4 d6 2. d4 Nf6 3. Nc3 g6 4. g3 Bg7 5. Bg2 O-O 6. Nge2 e5 7. dxe5 dxe5 8.
O-O c6 9. Bg5 h6 10. Be3 Qe7 11. h3 Kh7 12. Nc1 b6 13. Nd3 Nbd7 14. a3 Bb7 15.
Qe2 Ne8 16. Rad1 Nc7 17. Na2 Ne6 18. c3 Ba6 19. Qc2 Bb7 20. Rfe1 c5 21. Re2 Nf6
22. Nxe5 Ng5 23. Bxg5 hxg5 24. Nc4 Rad8 25. Nd2 g4 26. h4 Nd7 27. c4 Ne5 28.
Nc3 Qf6 29. Nd5 Bxd5 30. exd5 Nf3+ 31. Bxf3 gxf3 32. Re3 Qxb2 33. Qxb2 Bxb2 34.
Nxf3 Rd7 35. a4 Kg7 36. Rde1 Rfd8 37. Ne5 Bxe5 38. Rxe5 Kf8 39. Kg2 Rb8 40.
R5e3 Rdb7 41. Rb1 a6 42. Reb3 Ke7 43. Kf3 Kd6 44. Kf4 Kc7 45. Re3 Kd6 46. Reb3
Kc7 47. Kg5 Rd8 48. f4 Rd7 49. f5 Rd6 50. g4 Rb8 51. Re3 Rbd8 52. Re7+ R6d7 53.
Rxd7+ Rxd7 54. fxg6 fxg6 55. Kxg6 Rd8 56. h5 Rg8+ 57. Kf5 Rf8+ 58. Kg5 Rg8+ 59.
Kh4 Rh8 60. Rf1 b5 61. axb5 axb5 62. cxb5 Kd6 63. Rd1 c4 64. g5 Rb8 65. g6 Rxb5
66. g7 Rb8 67. Kg5 1-0

[Event "Sofia (BUL)-Moscow (RUS)"]
[Site "Hamburg"]
[Date "2009.06.04"]
[Round "2.3"]
[White "Parfenov, Pavel"]
[Black "Ivanov, Svetoslav"]
[Result "1-0"]
[WhiteElo "2248"]
[BlackElo "1900"]
[PlyCount "125"]
[EventDate "2009.??.??"]
[WhiteTeam "Moskau (RUS)"]
[BlackTeam "Sofia (BUL)"]

1. d4 d5 2. Nf3 Nf6 3. c4 e6 4. g3 c5 5. cxd5 exd5 6. Bg2 Nc6 7. O-O Be6 8. Nc3
Rc8 9. Bg5 c4 10. e4 Be7 11. Bxf6 Bxf6 12. exd5 Bxd5 13. Nxd5 Qxd5 14. Ne5 Qd8
15. Nxc6 bxc6 16. Re1+ Be7 17. Qe2 Rc7 18. Qxc4 O-O 19. Rad1 Qd6 20. Rd3 Bf6
21. b3 Rd8 22. Qa4 g6 23. Red1 Kg7 24. h4 h5 25. Qc4 Rb8 26. Qc1 Re8 27. Qd2
Rce7 28. Bf3 Qa3 29. Bxc6 Re2 30. Bxe8 Rxd2 31. R3xd2 Qe7 32. Bc6 g5 33. hxg5
Bxg5 34. Rc2 h4 35. Bf3 Qf6 36. Rc3 hxg3 37. fxg3 Qd6 38. Kg2 Bd8 39. Rc4 Bc7
40. Rg1 Kf8 41. Kf2 Bb6 42. Ke3 Qh6+ 43. Kd3 Qh2 44. Rg2 Qh1 45. Bd5 Ba5 46. b4
Qb1+ 47. Kc3 Bb6 48. Rb2 Qe1+ 49. Kb3 Qxg3+ 50. Ka4 Qd6 51. Bc6 Qg3 52. d5 Qd3
53. Rbc2 Qg6 54. R2c3 Qd6 55. Rf3 Bd8 56. Rcf4 f6 57. Re4 Be7 58. Rfe3 Bd8 59.
Re8+ Kf7 60. R3e6 Qc7 61. Rh8 Kg7 62. Ree8 Be7 63. Reg8+ 1-0

[Event "Sofia (BUL)-Moscow (RUS)"]
[Site "Hamburg"]
[Date "2009.06.04"]
[Round "2.4"]
[White "Lozanova, Galabina"]
[Black "Pogoskin, Roman"]
[Result "0-1"]
[WhiteElo "1900"]
[BlackElo "2060"]
[PlyCount "102"]
[EventDate "2009.??.??"]
[WhiteTeam "Sofia (BUL)"]
[BlackTeam "Moskau (RUS)"]

1. e4 e5 2. d4 exd4 3. Qxd4 Nc6 4. Qe3 d6 5. Nc3 Nf6 6. Bd2 Be7 7. O-O-O O-O 8.
Nge2 Re8 9. f3 Bf8 10. Qf2 Nd7 11. g4 Nde5 12. Nf4 Be6 13. Nfd5 Ne7 14. h4 Nxd5
15. exd5 Bd7 16. g5 c6 17. h5 cxd5 18. g6 Bf5 19. gxh7+ Kxh7 20. Nxd5 Rc8 21.
Bc3 a6 22. Qg3 Qd7 23. h6 Bg6 24. Nb6 Rxc3 25. bxc3 Qc6 26. hxg7+ Kxg7 27. Qh4
f6 28. Qh8+ Kf7 29. Rh7+ Bxh7 30. Qxh7+ Bg7 31. Nd5 Rh8 32. Qe4 Re8 33. Qf5 Qc8
34. Qxc8 Rxc8 35. Bd3 Nxf3 36. Be4 Ng5 37. Bh1 b5 38. Nb4 a5 39. Nd5 Rc5 40. c4
Rxc4 41. Ne3 Rc3 42. Rxd6 Rxe3 43. Bc6 Re5 44. Rd5 Rxd5 45. Bxd5+ Ke7 46. Bc6
b4 47. Kd2 Kd6 48. Ba4 Kc5 49. Kd3 f5 50. Bb3 f4 51. Ba4 f3 0-1

[Event "Prague (CZE)-Hamburg (GER II)"]
[Site "Hamburg"]
[Date "2009.06.04"]
[Round "2.1"]
[White "Kevorkov, Artur"]
[Black "Cisar, Jiri"]
[Result "1-0"]
[WhiteElo "2240"]
[BlackElo "1900"]
[PlyCount "59"]
[EventDate "2009.??.??"]
[WhiteTeam "Hamburg (GER II)"]
[BlackTeam "Prag (CZE)"]

1. e4 c5 2. c3 Nc6 3. d4 e6 4. d5 exd5 5. exd5 Qe7+ 6. Be2 Ne5 7. Be3 d6 8. Nf3
Nf6 9. O-O g6 10. Re1 Bg7 11. Nxe5 dxe5 12. d6 Qd8 13. Bxc5 Nd7 14. Be3 O-O 15.
Bf3 Rb8 16. Bxa7 Ra8 17. Be3 Ra6 18. Be2 Ra8 19. Na3 b6 20. Bf3 Rb8 21. Nb5 Nc5
22. Bxc5 bxc5 23. a4 Bb7 24. Bxb7 Rxb7 25. Qd5 Qc8 26. c4 Rd8 27. a5 Kf8 28. a6
Rb6 29. a7 Ra6 30. d7 1-0

[Event "Prague (CZE)-Hamburg (GER II)"]
[Site "Hamburg"]
[Date "2009.06.04"]
[Round "2.2"]
[White "Schmid, Jaroslav"]
[Black "Jentsch, Dieter"]
[Result "0-1"]
[WhiteElo "2056"]
[BlackElo "2175"]
[PlyCount "88"]
[EventDate "2009.??.??"]
[WhiteTeam "Prag (CZE)"]
[BlackTeam "Hamburg (GER II)"]

1. e4 e6 2. d4 d5 3. e5 c5 4. c3 Nc6 5. Nf3 Qb6 6. a3 c4 7. Nbd2 Na5 8. Be2 Bd7
9. O-O Be7 10. Qc2 Nh6 11. Ne1 Nf5 12. g3 g5 13. Bh5 h6 14. Ng2 Rf8 15. Ne3
O-O-O 16. Bg4 Nxe3 17. fxe3 f5 18. exf6 Bxf6 19. Nf3 Nb3 20. Rb1 Nxc1 21. Qxc1
Be8 22. Bh3 Bg6 23. Ra1 h5 24. Bg2 g4 25. Ne1 h4 26. Rf4 hxg3 27. hxg3 Bf5 28.
Qd2 Qd6 29. Qe2 Bg5 30. Nc2 Bxf4 31. exf4 Bd3 32. Qd2 e5 33. fxe5 Qb6 34. Ne3
Be4 35. Re1 Bxg2 36. Qxg2 Rf3 37. Nf1 Qe6 38. Nh2 Rd3 39. Rf1 Qg6 40. Rf4 Rd1+
41. Nf1 Rb1 42. Qe2 Rg8 43. Qg2 Qd3 44. Qf2 Rxf1+ 0-1

[Event "Prague (CZE)-Hamburg (GER II)"]
[Site "Hamburg"]
[Date "2009.06.04"]
[Round "2.3"]
[White "Krüger, Karl-Friedrich"]
[Black "Petran, Tomas"]
[Result "1-0"]
[WhiteElo "1900"]
[BlackElo "1900"]
[PlyCount "77"]
[EventDate "2009.??.??"]
[WhiteTeam "Hamburg (GER II)"]
[BlackTeam "Prag (CZE)"]

1. e4 d5 2. exd5 Qxd5 3. Nc3 Qd8 4. Nf3 c6 5. Bc4 Nf6 6. O-O Bg4 7. d4 e6 8. a3
Be7 9. Be3 Nbd7 10. Qe2 Qa5 11. h3 Bh5 12. Bd3 Nd5 13. Nxd5 Qxd5 14. g4 Bg6 15.
Rad1 b5 16. Nd2 Nb6 17. f4 Bxd3 18. Qxd3 Rd8 19. Ne4 Nc4 20. Bc1 c5 21. b3 Nd6
22. Nxc5 O-O 23. Qf3 Nc8 24. Qxd5 Rxd5 25. Ne4 a6 26. c4 bxc4 27. bxc4 Ra5 28.
c5 Rd8 29. Rd2 f5 30. Nc3 Na7 31. g5 e5 32. fxe5 Bxg5 33. Rd3 Bxc1 34. Rxc1
Rxa3 35. d5 Kf7 36. e6+ Kf6 37. Re3 Nc8 38. d6 f4 39. Nd5+ 1-0

[Event "Prague (CZE)-Hamburg (GER II)"]
[Site "Hamburg"]
[Date "2009.06.04"]
[Round "2.4"]
[White "Ryvova, Anna"]
[Black "Rahn, Jürgen"]
[Result "1-0"]
[WhiteElo "1994"]
[BlackElo "1900"]
[PlyCount "87"]
[EventDate "2009.??.??"]
[WhiteTeam "Prag (CZE)"]
[BlackTeam "Hamburg (GER II)"]

1. e4 e6 2. d4 d5 3. exd5 exd5 4. Bf4 Bf5 5. Bd3 Bxd3 6. Qxd3 Bd6 7. Ne2 Nf6 8.
Qb5+ Nbd7 9. Bxd6 cxd6 10. Nbc3 Qb6 11. O-O a6 12. Qxb6 Nxb6 13. a4 O-O 14. a5
Nc4 15. b3 Nd2 16. Rfe1 Nde4 17. Na4 Rac8 18. c3 Nd7 19. f3 Nef6 20. Nf4 Rfe8
21. h4 h6 22. g4 g5 23. hxg5 hxg5 24. Nd3 Rxe1+ 25. Rxe1 Kf8 26. Kf2 Re8 27.
Rxe8+ Nxe8 28. Kg3 f6 29. f4 Kf7 30. fxg5 fxg5 31. c4 dxc4 32. bxc4 Nc7 33. Kf3
Nb8 34. d5 Nd7 35. Ke4 Kf6 36. c5 Nb5 37. c6 bxc6 38. dxc6 Ne5 39. Nxe5 dxe5
40. Kd5 Nc7+ 41. Kd6 Nb5+ 42. Kd7 e4 43. Nc3 e3 44. Nd5+ 1-0

[Event "Dresden (GER I)-Otwock (POL)"]
[Site "Hamburg"]
[Date "2009.06.04"]
[Round "2.1"]
[White "Checiak, Krysztof"]
[Black "Mucha, Annegret"]
[Result "0-1"]
[WhiteElo "2111"]
[BlackElo "1957"]
[PlyCount "76"]
[EventDate "2009.??.??"]
[WhiteTeam "Otwock (POL)"]
[BlackTeam "Dresden (GER I)"]

1. e4 c5 2. Nf3 d6 3. d4 cxd4 4. Nxd4 Nf6 5. Nc3 a6 6. Be2 e6 7. O-O Be7 8. f4
Nbd7 9. Kh1 O-O 10. Be3 Qc7 11. Bf3 Nb6 12. a4 Nc4 13. Bc1 Bd7 14. Qe1 Rab8 15.
g4 b5 16. g5 Ne8 17. axb5 axb5 18. b3 Na5 19. Bg2 Nb7 20. f5 b4 21. Nd1 e5 22.
Ne2 Qxc2 23. Ne3 Qxb3 24. Rf3 Bd8 25. Rh3 g6 26. Bd2 Nc5 27. Nc1 Qb2 28. Ra2
Qb1 29. Ra7 b3 30. Ng4 b2 31. Rxh7 Kxh7 32. Qh4+ Kg8 33. Nh6+ Kg7 34. f6+ Nxf6
35. gxf6+ Bxf6 36. Nf5+ Bxf5 37. Bh6+ Kg8 38. Qxf6 bxc1=Q+ 0-1

[Event "Dresden (GER I)-Otwock (POL)"]
[Site "Hamburg"]
[Date "2009.06.04"]
[Round "2.2"]
[White "Müller, Burkhard"]
[Black "Strzelecki, Jerzy"]
[Result "0-1"]
[WhiteElo "2159"]
[BlackElo "2180"]
[PlyCount "64"]
[EventDate "2009.??.??"]
[WhiteTeam "Dresden (GER I)"]
[BlackTeam "Otwock (POL)"]

1. e4 c5 2. Nf3 Nc6 3. Nc3 e6 4. d4 cxd4 5. Nxd4 Qc7 6. Be2 a6 7. O-O Nf6 8.
Kh1 Be7 9. f4 d6 10. Bf3 O-O 11. a4 Re8 12. Nxc6 bxc6 13. Be3 Bb7 14. Qd2 c5
15. Rad1 Rab8 16. e5 dxe5 17. fxe5 Bxf3 18. Rxf3 Rbd8 19. Qe2 Qxe5 20. Rxd8
Rxd8 21. Qxa6 h5 22. Qf1 Qc7 23. Bf4 Qb7 24. Bc1 Rd7 25. h3 Bd8 26. Rd3 Ba5 27.
Bd2 Rxd3 28. Qxd3 Qxb2 29. Nb5 Qa1+ 30. Kh2 Qxa4 31. Bc3 Qf4+ 32. Kh1 Ne4 0-1

[Event "Dresden (GER I)-Otwock (POL)"]
[Site "Hamburg"]
[Date "2009.06.04"]
[Round "2.3"]
[White "Chojnowski, Marcin"]
[Black "Kössler, Wolfgang"]
[Result "1-0"]
[WhiteElo "2130"]
[BlackElo "1900"]
[PlyCount "71"]
[EventDate "2009.??.??"]
[WhiteTeam "Otwock (POL)"]
[BlackTeam "Dresden (GER I)"]

1. e4 e6 2. d4 d5 3. Nc3 Bb4 4. e5 c5 5. a3 Bxc3+ 6. bxc3 Qc7 7. h4 cxd4 8.
cxd4 Qc3+ 9. Bd2 Qxd4 10. Nf3 Qb6 11. h5 Nc6 12. h6 g6 13. Rb1 Qc7 14. Bb5 Bd7
15. O-O Nce7 16. Nd4 a6 17. Bxd7+ Qxd7 18. Rb6 Nc8 19. Rb3 b5 20. a4 bxa4 21.
Rb4 Qe7 22. Qf3 Nxh6 23. Nc6 Qc7 24. Qf6 Rg8 25. Bg5 Kd7 26. Ne7 Nxe7 27. Qxe7+
Kc6 28. Qxc7+ Kxc7 29. Bxh6 Rgb8 30. Rxa4 Rb2 31. c4 Kc6 32. Be3 Rc2 33. cxd5+
Kxd5 34. Ra5+ Ke4 35. Rd1 Rc7 36. Rd4+ 1-0

[Event "Dresden (GER I)-Otwock (POL)"]
[Site "Hamburg"]
[Date "2009.06.04"]
[Round "2.4"]
[White "Krause, Stefan"]
[Black "Marczukiewicz, Jerzy"]
[Result "0-1"]
[WhiteElo "1900"]
[BlackElo "2001"]
[PlyCount "96"]
[EventDate "2009.??.??"]
[WhiteTeam "Dresden (GER I)"]
[BlackTeam "Otwock (POL)"]

1. d4 d5 2. c4 e6 3. Nc3 Nf6 4. cxd5 exd5 5. Bg5 c6 6. e3 Bf5 7. Bd3 Bxd3 8.
Qxd3 Be7 9. Bxf6 Bxf6 10. b4 O-O 11. Nge2 Nd7 12. O-O Re8 13. Rab1 b5 14. a4 a6
15. a5 Qe7 16. Ng3 Qe6 17. Nce2 Bg5 18. Qf5 Qxf5 19. Nxf5 g6 20. Nd6 Re6 21.
Nb7 Kg7 22. Rfe1 Rae8 23. Nc5 Nxc5 24. dxc5 Bf6 25. Kf1 Re4 26. Nd4 Bxd4 27.
exd4 Kf8 28. Rbd1 h6 29. Rxe4 Rxe4 30. g3 g5 31. h3 h5 32. Rd3 g4 33. h4 Kg7
34. Rd2 Kf6 35. Rd3 Ke6 36. Rd2 f5 37. Re2 Kf6 38. Rd2 f4 39. gxf4 Kf5 40. Rd3
Kxf4 41. Rd2 Kf5 42. Rd3 Kf6 43. Rd2 Rf4 44. Ke2 Kf5 45. Rd3 Ke4 46. Re3+ Kxd4
47. Re6 Re4+ 48. Rxe4+ Kxe4 0-1

[Event "Vilnius (LTU)-St. Gallen (SUI)"]
[Site "Hamburg"]
[Date "2009.06.04"]
[Round "2.2"]
[White "Petrauskas, Gediminas"]
[Black "Wagner, Peter"]
[Result "1/2-1/2"]
[WhiteElo "1900"]
[BlackElo "1900"]
[PlyCount "68"]
[EventDate "2009.??.??"]
[WhiteTeam "Vilnius (LTU)"]
[BlackTeam "St. Gallen (SUI)"]

1. Nf3 Nf6 2. g3 d5 3. d4 e6 4. Bg2 Bb4+ 5. c3 Bd6 6. O-O O-O 7. Bg5 Nbd7 8.
Nbd2 h6 9. Bxf6 Nxf6 10. c4 c6 11. a3 Re8 12. Re1 e5 13. dxe5 Bxe5 14. Nxe5
Rxe5 15. cxd5 Nxd5 16. Nc4 Re8 17. e4 Nc7 18. Nd6 Rf8 19. Nxc8 Rxc8 20. Qb3 Rb8
21. Rad1 Qe7 22. Rd2 Rfd8 23. Rxd8+ Qxd8 24. Rd1 Qe7 25. Qe3 b6 26. Qd4 c5 27.
Qd7 Kf8 28. Bh3 Ne6 29. Bxe6 fxe6 30. Qc6 Re8 31. Rd7 Qf6 32. Qd6+ Kg8 33. Qd2
Re7 34. Rd8+ Kh7 1/2-1/2

[Event "Vilnius (LTU)-St. Gallen (SUI)"]
[Site "Hamburg"]
[Date "2009.06.04"]
[Round "2.3"]
[White "Geisser, Rainer"]
[Black "Osadcij, Jurij"]
[Result "1-0"]
[WhiteElo "1900"]
[BlackElo "1900"]
[PlyCount "49"]
[EventDate "2009.??.??"]
[WhiteTeam "St. Gallen (SUI)"]
[BlackTeam "Vilnius (LTU)"]

1. c4 e5 2. Nc3 Nf6 3. g3 Bc5 4. Bg2 Nc6 5. e3 O-O 6. Nge2 d6 7. O-O Bg4 8. a3
a5 9. Qb3 Rb8 10. d3 Qd7 11. Qc2 Bh3 12. e4 Bxg2 13. Kxg2 Ng4 14. f3 Ne3+ 15.
Bxe3 Bxe3 16. g4 Ne7 17. Nd5 Bc5 18. Nxe7+ Qxe7 19. Rh1 h5 20. h3 Qg5 21. Qc1
Be3 22. Qe1 h4 23. Qxa5 Bd2 24. f4 exf4 25. Qxg5 1-0

[Event "Vilnius (LTU)-St. Gallen (SUI)"]
[Site "Hamburg"]
[Date "2009.06.04"]
[Round "2.4"]
[White "Marcinkeviciene, Egle"]
[Black "Bolliger, Bruno"]
[Result "0-1"]
[WhiteElo "1741"]
[BlackElo "1900"]
[PlyCount "144"]
[EventDate "2009.??.??"]
[WhiteTeam "Vilnius (LTU)"]
[BlackTeam "St. Gallen (SUI)"]

1. d4 d5 2. Nf3 c5 3. c4 e6 4. Nc3 Nf6 5. Bg5 dxc4 6. Qa4+ Nc6 7. e3 cxd4 8.
Nxd4 Bd7 9. Qxc4 Be7 10. Bd3 O-O 11. O-O Ne5 12. Bxh7+ Kxh7 13. Qe2 Kg8 14. a3
Nc6 15. Rfd1 Nxd4 16. Rxd4 Qe8 17. Rh4 g6 18. Bh6 Nh7 19. Rd4 Bf6 20. Rd2 Bg7
21. Bxg7 Kxg7 22. Rad1 Bc6 23. Qg4 Qe7 24. e4 Rad8 25. h4 Rxd2 26. Rxd2 Rd8 27.
Re2 Rd7 28. e5 Qd8 29. Ne4 Bxe4 30. Qxe4 Rd1+ 31. Kh2 Rd4 32. Qe3 Qxh4+ 33. Kg1
Rd1+ 34. Re1 Rxe1+ 35. Qxe1 Qd4 36. b4 b6 37. g3 Nf8 38. Kh2 Nd7 39. f4 Qb2+
40. Kh3 Qxa3 41. Qd2 Nxe5 42. fxe5 a5 43. bxa5 bxa5 44. Qd8 a4 45. Qf6+ Kg8 46.
Qd8+ Qf8 47. Qa5 a3 48. g4 Qh6+ 49. Kg3 Qe3+ 50. Kh4 Kg7 51. g5 Qf2+ 52. Kg4 a2
53. Qd8 Qc5 54. Qf6+ Kg8 55. Qd8+ Kh7 56. Qf6 Qf8 57. Qf1 Kg8 58. Qa6 Qb4+ 59.
Kf3 Qc3+ 60. Kg4 a1=Q 61. Qxa1 Qxa1 62. Kf4 Qd4+ 63. Kg3 Qxe5+ 64. Kg4 Kg7 65.
Kh4 f6 66. gxf6+ Qxf6+ 67. Kg4 Qf1 68. Kg3 Kf6 69. Kg4 Ke5 70. Kg3 Qg1+ 71. Kh3
Kf4 72. Kh4 Qg4# 0-1

[Event "London (ENG)-Hlohovec (SVK)"]
[Site "Hamburg"]
[Date "2009.06.04"]
[Round "2.1"]
[White "Frajka, Peter"]
[Black "Kreuzer, Christopher"]
[Result "1-0"]
[WhiteElo "1866"]
[BlackElo "1928"]
[PlyCount "117"]
[EventDate "2009.??.??"]
[WhiteTeam "Hlohovec (SVK)"]
[BlackTeam "London (ENG)"]

1. d4 Nf6 2. c4 e6 3. Nc3 Bb4 4. Qc2 c5 5. dxc5 Bxc5 6. Bf4 Nc6 7. e3 Nh5 8.
Bg3 Nxg3 9. hxg3 h6 10. Nf3 b6 11. a3 Bb7 12. Rd1 Be7 13. Nb5 a6 14. Nd6+ Bxd6
15. Rxd6 Qc7 16. c5 bxc5 17. Qxc5 Qa5+ 18. Qxa5 Nxa5 19. Rh5 Nc6 20. Rc5 Ke7
21. Rd2 d6 22. Rc3 Rhc8 23. Rdc2 Kd7 24. Kd2 Ne7 25. Rxc8 Rxc8 26. Rxc8 {(=)}
Bxc8 27. Bd3 Bb7 28. Ne1 Nd5 29. f3 Nc7 30. Nc2 f5 31. Ne1 Bc6 32. Nc2 g5 33.
Ne1 Bb7 34. Bc2 Ne8 35. Ba4+ Bc6 36. Bc2 Nf6 37. Ke2 h5 38. Bb1 Bb5+ 39. Bd3
Kc6 40. Bxb5+ Kxb5 41. Kd3 e5 42. b3 a5 43. Nc2 Nd7 44. Kc3 d5 45. f4 d4+ 46.
exd4 exf4 47. gxf4 gxf4 48. Kd3 Nf6 49. Ne1 Ng4 50. Ke2 Kc6 51. Kf3 Kd5 52.
Kxf4 Kxd4 53. Kxf5 Ne3+ 54. Kg5 Nxg2 55. Nc2+ Kc3 56. b4 axb4 57. axb4 h4 58.
Kg4 Kc4 59. Ne3+ {ZÜ} 1-0

[Event "London (ENG)-Hlohovec (SVK)"]
[Site "Hamburg"]
[Date "2009.06.04"]
[Round "?"]
[White "Gardner, Phillip"]
[Black "Baloha, Vladimir"]
[Result "1-0"]
[WhiteElo "1900"]
[BlackElo "1900"]
[PlyCount "117"]
[EventDate "2009.??.??"]
[WhiteTeam "London (ENG)"]
[BlackTeam "Hlohovec (SVK)"]

1. e4 g6 2. d4 Bg7 3. f4 b6 4. Nf3 Bb7 5. Bd3 Nf6 6. e5 Ng4 7. h3 Nh6 8. Be3 e6
9. O-O d5 10. c3 O-O 11. Nbd2 Ba6 12. Bxa6 Nxa6 13. g4 f5 14. exf6 Bxf6 15. g5
Nf5 16. Bf2 Bg7 17. Qe2 Qc8 18. Rae1 Re8 19. Nh2 c5 20. Ndf3 c4 21. Ng4 Qd8 22.
h4 h5 23. Nge5 Kh7 24. Kg2 Qc7 25. Qc2 Bxe5 26. Nxe5 Re7 27. Qa4 Nb8 28. Re2
Nd7 29. Nxd7 Rxd7 30. Rxe6 Re7 31. Re5 Rxe5 32. fxe5 Qe7 33. Qc6 Rd8 34. Kh3
Rd7 35. Be1 Rc7 36. Qf6 Rd7 37. Bd2 Qg7 38. Rf3 Rf7 39. Qe6 Rd7 40. Bc1 Qe7 41.
Qf6 Qg7 42. b3 Rf7 43. Qe6 Nxd4 44. Qxf7 Nxf3 45. Qxf3 Qxe5 46. Qf7+ Qg7 47.
Qxg7+ Kxg7 48. Be3 Kf7 49. b4 Ke6 50. Kg3 Ke5 51. Kf3 Kf5 52. Bd4 Ke6 53. Kf4
Kd6 54. a4 Ke6 55. b5 Kd6 56. Bg7 d4 57. Bxd4 Kd5 58. Kf3 Ke6 59. Ke4 1-0

[Event "London (ENG)-Hlohovec (SVK)"]
[Site "Hamburg"]
[Date "2009.06.04"]
[Round "2.3"]
[White "Sturc, Miloslav"]
[Black "Dwek, Ilan"]
[Result "0-1"]
[WhiteElo "1900"]
[BlackElo "1900"]
[PlyCount "98"]
[EventDate "2009.??.??"]
[WhiteTeam "Hlohovec (SVK)"]
[BlackTeam "London (ENG)"]

1. e4 c5 2. Bc4 e6 3. d4 cxd4 4. Qxd4 Nc6 5. Qd1 Nf6 6. Bd3 Qc7 7. c3 Be7 8.
Nh3 h6 9. Bf4 e5 10. Be3 d6 11. Qf3 Be6 12. Na3 a6 13. Bc4 Bxc4 14. Nxc4 b5 15.
Nb6 Rb8 16. Nd5 Nxd5 17. exd5 Na5 18. O-O Nc4 19. b3 Nxe3 20. fxe3 O-O 21. Rac1
Qa5 22. Rf2 Rbc8 23. e4 Bd8 24. Rfc2 Bb6+ 25. Kh1 Rc7 26. Qe2 Rfc8 27. Qd3 Ba7
28. Ng1 Qb6 29. Ne2 Qe3 30. Qxe3 Bxe3 31. Rf1 Bd4 32. Nxd4 exd4 33. c4 bxc4 34.
bxc4 Rxc4 35. Rxc4 Rxc4 36. Rd1 Rc2 37. Kg1 Rxa2 38. Rxd4 a5 39. h3 Kf8 40. Kh2
Ke7 41. Kg3 Kf6 42. Kf3 Ke5 43. Rc4 Ra3+ 44. Kf2 a4 45. g3 Ra1 46. Rc7 a3 47.
Re7+ Kf6 48. Rd7 a2 49. Ra7 Rh1 0-1